000
00287nam a22001337a 4500
008
170605b xxu||||| |||| 00| 0 eng d
020
_a
9780131333529
041
_a
eng
080
_a
94(100)
100
_a
18
101
_a
SHH
245
_a
WORLD HISTORY
_c
EELIS.E
942
_2
udc
_c
BK
999
_c
15967
_d
15967